<The> Economic evaluation of wind turbine Enercon E-82 in Slovakia based on the wind research in the Jenkovce village
Prezentácia ekonomického zhodnotenia veternej turbíny Enercon E-82 na základe výskumu veternosti. Špecifikácia samotného výskumu veternosti a prepočet rýchlosti vetra na výšku potrebnú pre osadenie veternej turbíny (výška 108 metrov). Ekonomické zhodnotenie veternej turbíny na základe rýchlosti vetr...
Uložené v:
| Hlavný autor: | |
|---|---|
| Ďalší autori: | , |
| Médium: | Kapitola |
| Jazyk: | English |
| Predmet: | |
| Tagy: |
Žiadne tagy, Buďte prvý, kto otaguje tento záznam!
|
MARC
| LEADER | 00000naa a2200000 4500 | ||
|---|---|---|---|
| 001 | 0199310 | ||
| 005 | 20240502073354.5 | ||
| 041 | 0 | |a eng | |
| 044 | |a SK | ||
| 245 | 1 | 0 | |a <The> Economic evaluation of wind turbine Enercon E-82 in Slovakia based on the wind research in the Jenkovce village |c Sergej Strajňák, Albína Kostková, Jana Jablonská |
| 520 | |a Prezentácia ekonomického zhodnotenia veternej turbíny Enercon E-82 na základe výskumu veternosti. Špecifikácia samotného výskumu veternosti a prepočet rýchlosti vetra na výšku potrebnú pre osadenie veternej turbíny (výška 108 metrov). Ekonomické zhodnotenie veternej turbíny na základe rýchlosti vetra v obci Jenkovce v okrese Sobrance. | ||
| 610 | 2 | 0 | |a energia veterná |
| 610 | 2 | 0 | |a výskum ekonomický |
| 610 | 2 | 0 | |a efektívnosť ekonomická |
| 100 | 1 | |a Strajňák, Sergej | |
| 700 | 1 | |a Kostková, Albína, 1951- | |
| 700 | 1 | |a Jablonská, Jana | |